00776 2200193 4500245006100000020002200061250001100083100001600094700001900110650001800129650002200147005001900169260004300188041001400231084001100245300002700256500029000283336000900573 aBaca Buku ini Saat Engkau DikecewakancAsti MusmanhText a978-623-400-630-8 aCet. 1 aAsti Musman aHerman Adamson aMotivasi Diri aPengembangan Diri a20240109142345 aYogyakartabAnak Hebat Indonesiac2023 aIndonesia a155.25 aix, 214 hlm. :c20 cm. aBuku ini menggunakan bahasa yang ringan, tapi sarat inspirasi, wawasan, dan motivasi. Penulis mengajak pembaca untuk memahami lebih dalam apa itu rasa kecewa. Selain itu, pembaca juga akan disuguhkan pandangan baru bagaiman menyikapi rasa kecewa yang menghiggapi pikiran dan hati kita. atext